000 00800cam a2200253 a 4500
001 000003759
005 20200929150547.0
008 921008s1992 sp 001 f spa d
020 _a8401324645
020 _a9788401324642
041 1 7 _aspa
_heng
082 _a813.54
_bC587j
100 1 _aClancy, Tom,
_d1947-
_910904
240 1 0 _aPatriot games
_lEspañol
245 1 0 _aJuego de patriotas /
_cTom Clancy ; traducción de Valeria Watson.
260 _aBarcelona :
_bPlaza & Janés,
_c1992.
300 _a548 p. ;
_c22 cm.
534 _pTítulo original
_tPatriot games
650 4 _aLiteratura estadounidense
_ySIGLO XX
_vNOVELA.
_910902
650 4 _aNovela estadounidense
_ySIGLO XX.
_96873
650 4 _aNovela de espionaje
_911444
650 4 _aTerrorismo
_vNOVELA
_911445
999 _c3581
_d3581
040 _aDO-SdBNP